Sports Quiz

Random Sports or NBA Quiz

NBA Players By Card Quiz Stats

 Plays Quiz Updated Jan 26, 2015

Challenge
Share
Tweet
Score 0/25 Timer 05:00
31 Plays Today
% Correct
Larry Bird
98.2%
Dennis Rodman
97.1%
Blake Griffin
95.6%
Scottie Pippen
92.5%
LeBron James
90.8%
Carmelo Anthony
90.3%
John Stockton
87.6%
Tony Parker
84.6%
Kevin Garnett
81.1%
Paul George
80.7%
Ricky Rubio
75.6%
Dominique Wilkins
73.8%
Greg Oden
71.7%
% Correct
Bill Russell
67%
James Harden
64.7%
Harrison Barnes
57.7%
Tayshaun Prince
55%
Jamal Crawford
51.5%
Phil Jackson
50.9%
Alonzo Mourning
42.9%
Maurice 'Mo' Williams
42%
Richard Hamilton
41.5%
Rasheed Wallace
41.3%
Yi Jianlian
38.7%
Nate Archibald
16.9%

You're not logged in!

Compare scores with friends on all Sporcle quizzes.
Join for Free
OR
Log In

You Might Also Like...

Show Comments

Extras

Top Quizzes Today


Score Distribution

Your Account Isn't Verified!

In order to create a playlist on Sporcle, you need to verify the email address you used during registration. Go to your Sporcle Settings to finish the process.

Report this User

Report this user for behavior that violates our Community Guidelines.

Details: